004700000a22001210004500090001700000245011500017041001300132700004100145100002600186942001300212773010600225999001700331 aASbSeriadas10aNew frogs of the genus Eleutherodactylus from the eastern flank of the northern Cordillera Central of Colombia0 aInglés1 aRueda Almonacid, José Vicente96891 aLynch, John D.992907 cARTICULO1 tRevista de la Academia Colombiana de Ciencias Exactas, Fisicas y Naturales332h85q561-570d1998g22 c14188d14188